Statistics for Martin Scorsese Films Quiz

Click here to take the quiz!

General Stats

  • This quiz has been taken 15,061 times
    (4,423 since last reset)
  • The average score is 10 of 14

Answer Stats

YearActorFilm% Correct
2013Unethical stock broker Jordan Belfort becomes a Wall Street tycoonThe Wolf of Wall Street
93%
1976Cab driver takes vigilante action against a New York City pimpTaxi Driver
90%
1990"I always wanted to be a gangster" says a boy who grew up to be just thatGoodfellas
79%
2004The life of eccentric aviation tycoon founder Howard HughesThe Aviator
77%
2002Protestants battle Catholics in the slums of Manhattan's Five Points
neighborhood in the mid 1800s
Gangs of New York
77%
1980Boxer Jake LaMotta has personal demonsRaging Bull
74%
2006Policeman infiltrates the Boston mob while a criminal mole infiltrates the policeThe Departed
73%
1995Number-crunching mobster and his violent friend Nicky run a Las Vegas
gambling establishment
Casino
71%
2010U.S. Marshal starts to doubt his sanity when he is sent to investigate a
missing patient at an insane asylum
Shutter Island
70%
2019The story of a mob hitman and the disappearance of Jimmy HoffaThe Irishman
63%
2011Boy who lives alone in Paris train station wants to rebuild an automatonHugo
57%
1991On the North Carolina coast, a lawyer and his family are stalked
by a pyschotic former client
Cape Fear
53%
1988In order to save mankind, Jesus must overcome the desires of the fleshThe Last Temptation
of Christ
43%
1986Retired pool hustler takes a young protegé under his wingThe Color of Money
37%

Score Distribution

Percentile by Number Answered

Percent of People with Each Score

Your Score History

You have not taken this quiz since the last reset